000 00481nam a2200193Ia 4500
003 GCL
008 140319s9999 xx 000 0 eng d
040 _aGCL /
_cGCL
082 0 4 _a301.01
_bR C
100 1 _aRITZE, RGEORGE
245 1 0 _aCLASSICAL SOCIOLOGICAL THEORY /
_cRITZE, RGEORGE
260 _a[S.N] :
_bMC GRAW - HILL ،
_c1992
300 _a454 P P
650 0 4 _aMETHODOLOGY
650 0 4 _aSOCIOLOGY
650 0 4 _aHISTORY
650 0 4 _aBIOGRAPHIES
942 _2ddc
_cBK
999 _c18210
_d18210